01114 a2200217 4500003000500000005001700005010001600022020001500038040000900053082001200062100002200074245010900096250001200205260006000217300008600277505043000363650003600793650002700829651001700856700002300873NUST20230801085931.0 a 00057577 a0763714259 cNust00a515,MAT1 aMathews, John H.,10aComplex analysis : bfor mathematics and engineering (Include CD) /cJohn H. Mathews, Russell W. Howell. a4th ed. aSudbury, Mass. :bJones and Bartlett Publishers,c2001. axi, 596 p .;bill. (some col.) ;c25 cm.+e1 computer laser optical disc (4 3/4). aComplex Numbers (Page-1), Complex Functions (Page-49), Analytic and Harmonic Functions (Page-93), Sequences, Julia and Mandelbrot Set, and Power Series (Page-125), Elementary Functions (Page-161), Complex Integration (Page-201), Taylor and Laurent Series (Page-261), Residue Theory (Page-3070, Conformal Mapping (Page-355), Applications of Harmonic Functions (Page-387), Fourier Series and the Laplace Transforms (Page-483).  0aFunctions of complex variables. 0aMathematical analysis. a(Include CD)1 aHowell, Russell W.